Compass south / (Record no. 226258)
[ view plain ]
| 000 -LEADER | |
|---|---|
| fixed length control field | 01896pam a2200469 i 4500 |
| 001 - CONTROL NUMBER | |
| control field | BK0017233484 |
| 003 - CONTROL NUMBER IDENTIFIER | |
| control field | DLC |
| 005 - DATE AND TIME OF LATEST TRANSACTION | |
| control field | 20210403131614.0 |
| 008 - FIXED-LENGTH DATA ELEMENTS--GENERAL INFORMATION | |
| fixed length control field | 151222s2016 nyua c 6 000 0 eng d |
| 010 ## - LIBRARY OF CONGRESS CONTROL NUMBER | |
| LC control number | 2015039907 |
| 020 ## - INTERNATIONAL STANDARD BOOK NUMBER | |
| International Standard Book Number | 9780374300432 : HRD |
| Terms of availability | 18.99 |
| 020 ## - INTERNATIONAL STANDARD BOOK NUMBER | |
| International Standard Book Number | 0374300437 : HRD |
| Terms of availability | 18.99 |
| 037 ## - SOURCE OF ACQUISITION | |
| Source of stock number/acquisition | Farrar Straus & Giroux, C/O Mps 16365 James Madison Hwy, Gordonsville, VA, USA, 22942, (540)6727600 |
| Note | SAN 631-5011 |
| 040 ## - CATALOGING SOURCE | |
| Original cataloging agency | DLC |
| Language of cataloging | eng |
| Description conventions | rda |
| Transcribing agency | DLC |
| Modifying agency | NjBwBT |
| 050 00 - LIBRARY OF CONGRESS CALL NUMBER | |
| Classification number | PZ7.7.L37 |
| Item number | Co 2016 |
| 082 00 - DEWEY DECIMAL CLASSIFICATION NUMBER | |
| Classification number | 741.5/973 |
| Edition number | 23 |
| 092 ## - LOCALLY ASSIGNED DEWEY CALL NUMBER (OCLC) | |
| Classification number | 741.5973 |
| 100 1# - MAIN ENTRY--PERSONAL NAME | |
| Personal name | Larson, Hope, |
| Relator term | author. |
| 9 (RLIN) | 5773933 |
| 245 10 - TITLE STATEMENT | |
| Title | Compass south / |
| Statement of responsibility, etc | Hope Larson ; illustrations by Rebecca Mock. |
| 246 ## - VARYING FORM OF TITLE | |
| Remainder of title | Four points |
| 246 ## - VARYING FORM OF TITLE | |
| Remainder of title | Four points book one |
| 246 ## - VARYING FORM OF TITLE | |
| Remainder of title | Four points book 1 |
| 250 ## - EDITION STATEMENT | |
| Edition statement | First edition. |
| 264 #1 - Production, Publication, Distribution, Manufacture, and Copyright Notice. | |
| Place of production, publication, distribution, manufacture | New York : |
| Name of producer, publisher, distributor, manufacturer | Margaret Ferguson Books, Farrar Straus Giroux, |
| Date of production, publication, distribution, manufacture, or copyr | 2016. |
| 300 ## - PHYSICAL DESCRIPTION | |
| Extent | 224 pages : |
| Other physical details | color illustrations ; |
| Dimensions | 24 cm. |
| 336 ## - Content Type | |
| Content type term | text |
| 336 ## - Content Type | |
| Content type term | still image |
| 337 ## - Media type | |
| Media type term | unmediated |
| 338 ## - Carrier type | |
| Carrier type term | volume |
| 440 ## - SERIES STATEMENT/ADDED ENTRY--TITLE | |
| Title | Four points : |
| Volume number/sequential designation | book 1 |
| 9 (RLIN) | 6412195 |
| 500 ## - GENERAL NOTE | |
| General note | Chiefly illustrations. |
| 520 ## - SUMMARY, ETC. | |
| Summary, etc | After escaping the Black Hook Gang in 1860 New York City, twelve-year-old twins Alexander and Cleopatra flee to New Orleans, become separated, and try to find each other in San Francisco, while being followed by pirates who think they hold the key to treasure. |
| 650 #1 - SUBJECT ADDED ENTRY--TOPICAL TERM | |
| Topical term or geographic name as entry element | Brothers and sisters |
| Form subdivision | Fiction. |
| 9 (RLIN) | 5673852 |
| 650 #1 - SUBJECT ADDED ENTRY--TOPICAL TERM | |
| Topical term or geographic name as entry element | Twins |
| Form subdivision | Fiction. |
| 9 (RLIN) | 5674236 |
| 650 #1 - SUBJECT ADDED ENTRY--TOPICAL TERM | |
| Topical term or geographic name as entry element | Adventure and adventurers |
| Form subdivision | Fiction. |
| 9 (RLIN) | 102533 |
| 650 #1 - SUBJECT ADDED ENTRY--TOPICAL TERM | |
| Topical term or geographic name as entry element | Voyages and travels |
| Form subdivision | Fiction. |
| 9 (RLIN) | 6357956 |
| 650 #1 - SUBJECT ADDED ENTRY--TOPICAL TERM | |
| Topical term or geographic name as entry element | Buried treasure |
| Form subdivision | Fiction. |
| 9 (RLIN) | 5686601 |
| 650 #1 - SUBJECT ADDED ENTRY--TOPICAL TERM | |
| Topical term or geographic name as entry element | Graphic novels. |
| 9 (RLIN) | 6357957 |
| 655 #0 - INDEX TERM--GENRE/FORM | |
| Genre/form data or focus term | Graphic novels. |
| 9 (RLIN) | 6357955 |
| 700 1# - ADDED ENTRY--PERSONAL NAME | |
| Personal name | Mock, Rebecca, |
| Relator term | artist. |
| 9 (RLIN) | 6357958 |
| 942 ## - ADDED ENTRY ELEMENTS (KOHA) | |
| Source of classification or shelving scheme | Dewey Decimal Classification |
| Koha item type | BOOK |
| Withdrawn status | Lost status | Source of classification or shelving scheme | Damaged status | Not for loan | Collection code | Home library | Current library | Shelving location | Date acquired | Source of acquisition | Serial Enumeration / chronology | Total Checkouts | Total Renewals | Full call number | Barcode | Date last seen | Date checked out | Cost, replacement price | Price effective from | Koha item type |
|---|---|---|---|---|---|---|---|---|---|---|---|---|---|---|---|---|---|---|---|---|
| Dewey Decimal Classification | Junior Graphic Novels | Wasatch County Library | Wasatch County Library | First Floor | 11/15/2021 | Amazon | #1 Four Points | 35 | 23 | J GN Larson | 34301001831983 | 02/04/2026 | 01/30/2026 | 18.99 | 11/15/2021 | BOOK |
